LIBRARY ONLINE CATALOGUE

The African Communication Infrastructure & Service Report 2002/03 / (Record no. 13552)

MARC details
000 -LEADER
fixed length control field 00604nam a22001932 4500
001 - CONTROL NUMBER
control field 0000012910
005 - DATE AND TIME OF LATEST TRANSACTION
control field 20151217155854.0
008 - FIXED-LENGTH DATA ELEMENTS--GENERAL INFORMATION
fixed length control field 090331s xx 000 0 eng d
040 ## - CATALOGING SOURCE
Original cataloging agency KABU
Transcribing agency KABU
245 14 - TITLE STATEMENT
Title The African Communication Infrastructure & Service Report 2002/03 /
Statement of responsibility, etc. edited by Paul Hamilton.
250 ## - EDITION STATEMENT
Edition statement 1st ed.
260 ## - PUBLICATION, DISTRIBUTION, ETC. (IMPRINT)
Place of publication, distribution, etc. Cambridgeshire, UK. :
Name of publisher, distributor, etc. AITEC,
Date of publication, distribution, etc. 2002.
300 ## - PHYSICAL DESCRIPTION
Extent 143 p.
650 #0 - SUBJECT ADDED ENTRY--TOPICAL TERM
Topical term or geographic name as entry element Internet.
-- 0000000969
700 1# - ADDED ENTRY--PERSONAL NAME
Personal name Hamilton, Paul.
-- 0000169910
852 1# - LOCATION
-- p100 KES
908 ## - PUT COMMAND PARAMETER (RLIN)
Put command parameter 090331
950 ## - LOCAL HOLDINGS (RLIN)
-- 1
Holdings
Withdrawn status Lost status Source of classification or shelving scheme Not for loan Home library Current library Date acquired Total Checkouts Full call number Barcode Date last seen Price effective from Koha item type
    Library of Congress Classification   Kabarak, Main Campus Kabarak, Main Campus 17/12/2015   TK5105.875 .I57A37 2002 c. 1 17452 17/12/2015 17/12/2015 Africana Collection